000 00642nam a2200169 a 4500
001 000028921
005 20200930055223.0
008 110412s2008 dr 000 0 spa d
040 _aDO-SdBNP
_bspa
_cBNPHU
082 _axxxx
_bG216c
100 1 _aGarcía Lagombra, Gregorio
_955879
245 1 0 _aCálculo de la energía neta para lactación y su predicción desde el punto de vista de la fibra /
_cGregorio García Lagombra.
260 _aSanto Domingo :
_bInstituto Dominicano de Investigaciones Agropecuaria (IDIAF), Centro de Produción Animal,
_c2008.
300 _a28 p. ;
_c24 cm.
504 _aBibliografía : p.26-27
049 _aBNPD
999 _c28413
_d28413